[Event "FIDE Zonal 2.5-W 2019"]
[Site "Montevideo"]
[Date "2019.04.14"]
[Round "2.4"]
[White "Nejanky, Maisa"]
[Black "Sarquis, Maria Belen"]
[Result "0-1"]
[WhiteElo "2000"]
[BlackElo "2141"]
[Annotator "NA"]
[PlyCount "114"]
[EventDate "2019.04.13"]
[EventType "swiss"]
[EventCountry "URU"]
[SourceTitle "playchess.com"]
[Source "ChessBase"]
[SourceQuality "1"]
[TimeControl "40/5400+30:1800+30"]

1. e4 {[%emt 0:00:00]} e5 {[%emt 0:07:05]} 2. Nf3 {[%emt 0:00:00]} Nc6 {[%emt 0:00:09]} 3. d4 {[%emt 0:00:00]} exd4 {[%emt 0:00:06]} 4. Nxd4 Bc5 {[%emt 0:00:22]} 5. Be3 {[%emt 0:00:09]} Qf6 {[%emt 0:00:12]} 6. c3 Nge7 {[%emt 0:00:17]} 7. Bc4 {[%emt 0:00:18]} Ne5 $11 {[%emt 0:01:33]} 8. Be2 {[%emt 0:00:35] LiveBook: 642 Games} Qg6 {[%emt 0:00:08]} 9. O-O {[%emt 0:04:15]} d6 10. Nd2 Bh3 {[%emt 0:01:34]} 11. Bf3 {[%emt 0:25:26]} Nxf3+ {[%emt 0:02:05]} 12. Qxf3 {[%emt 0:00:08]} Bg4 {[%emt 0:00:07]} 13. Qg3 {[%emt 0:10:05]} O-O {[%emt 0:21:31]} 14. f4 {[%emt 0:02:41]} Bd7 {[%emt 0:22:12]} 15. Qh4 {[%emt 0:10:03]} Rfe8 {[%emt 0:00:29]} 16. f5 {[%emt 0:01:07]} Qf6 {[%emt 0:04:21]} 17. Bg5 {[%emt 0:02:03]} Bxd4+ 18. Kh1 Qe5 {[%emt 0:16:08]} 19. Nf3 {[%emt 0:15:17]} Qa5 {[%emt 0:01:07]} 20. cxd4 {[%emt 0:03:46]} f6 {[%emt 0:00:30]} 21. Bxf6 {[%emt 0:00:30]} gxf6 {[%emt 0:00:30]} 22. Qxf6 {[%emt 0:00:30]} Nxf5 {[%emt 0:00:30]} 23. g4 {[%emt 0:00:30]} Re6 {[%emt 0:00:30]} 24. Qxf5 {[%emt 0:00:30]} Qxf5 {[%emt 0:15:23]} 25. exf5 {[%emt 0:20:23]} Re2 {[%emt 0:00:11]} 26. d5 {[%emt 0:03:43]} Rxb2 {[%emt 0:01:14]} 27. Rab1 {[%emt 0:00:41]} Rxb1 {[%emt 0:01:17]} 28. Rxb1 {[%emt 0:00:02]} Rb8 {[%emt 0:00:46]} 29. Nd4 {[%emt 0:00:36]} Kf7 {[%emt 0:01:03]} 30. g5 {[%emt 0:01:01]} b6 {[%emt 0:01:26]} 31. Kg2 {[%emt 0:00:36]} Re8 {[%emt 0:00:53]} 32. Ne6 {[%emt 0:00:08]} c6 {[%emt 0:00:15]} 33. Rc1 {[%emt 0:00:48]} Rc8 34. Kf3 {[%emt 0:00:34]} cxd5 {[%emt 0:02:07]} 35. Rxc8 {[%emt 0:00:16]} Bxc8 {[%emt 0:00:07]} 36. Nd4 {[%emt 0:00:07]} Ba6 {[%emt 0:00:52]} 37. Kf4 {[%emt 0:00:20]} Bc4 {[%emt 0:00:20]} 38. a3 {[%emt 0:00:11]} b5 {[%emt 0:00:55]} 39. Nc6 {[%emt 0:00:45]} a6 {[%emt 0:00:32]} 40. Ke3 {[%emt 0:00:46]} Bb3 {[%emt 0:00:31]} 41. h4 {[%emt 0:30:31]} Bc2 {[%emt 0:30:09]} 42. Nd4 {[%emt 0:00:17]} Be4 {[%emt 0:00:00]} 43. Kd2 {[%emt 0:00:00]} a5 {[%emt 0:00:00]} 44. f6 {[%emt 0:00:00]} b4 {[%emt 0:00:00]} 45. a4 {[%emt 0:00:00]} h6 {[%emt 0:00:00]} 46. Nb3 {[%emt 0:00:00]} hxg5 {[%emt 0:00:00]} 47. hxg5 {[%emt 0:00:00]} d4 48. Nxd4 {[%emt 0:00:00]} Bd5 {[%emt 0:00:00]} 49. Nf5 {[%emt 0:00:00]} Ke6 {[%emt 0:00:00]} 50. Ng7+ {[%emt 0:04:05]} Ke5 {[%emt 0:00:08]} 51. Kd3 {[%emt 0:00:59]} Bf7 {[%emt 0:00:44]} 52. Ke3 {[%emt 0:00:42]} d5 {[%emt 0:02:06]} 53. Kd2 {[%emt 0:00:24]} Bg6 {[%emt 0:00:22]} 54. Kc1 {[%emt 0:00:29]} d4 {[%emt 0:01:28]} 55. Kd2 {[%emt 0:00:28]} b3 {[%emt 0:01:46]} 56. Kc1 {[%emt 0:00:13]} d3 {[%emt 0:00:43]} 57. f7 {[%emt 0:00:57]} Bxf7 0-1

[Event "FIDE Zonal 2.5-W 2019"]
[Site "Montevideo"]
[Date "2019.04.14"]
[Round "2.5"]
[White "Malan, Lucia"]
[Black "Gomez Barrera, Javiera Belen"]
[Result "0-1"]
[WhiteElo "1877"]
[BlackElo "2016"]
[Annotator "NA"]
[PlyCount "110"]
[EventDate "2019.04.13"]
[EventType "swiss"]
[EventCountry "URU"]
[SourceTitle "playchess.com"]
[Source "ChessBase"]
[SourceQuality "1"]
[TimeControl "40/5400+30:1800+30"]

1. e4 {[%emt 0:00:00]} e5 {[%emt 0:08:08]} 2. Nf3 {[%emt 0:00:00]} Nc6 {[%emt 0:00:17]} 3. Bb5 {[%emt 0:00:00]} a6 {[%emt 0:00:12]} 4. Ba4 {[%emt 0:00:01]} Nf6 {[%emt 0:00:28]} 5. O-O {[%emt 0:00:28]} Be7 {[%emt 0:01:16]} 6. Re1 {[%emt 0:00:14]} b5 {[%emt 0:00:32]} 7. Bb3 {[%emt 0:00:09]} d6 {[%emt 0:00:13]} 8. c3 {[%emt 0:00:19]} O-O {[%emt 0:00:13]} 9. h3 {[%emt 0:00:12]} Bb7 {[%emt 0:02:19]} 10. d4 {[%emt 0:00:59]} Re8 {[%emt 0:00:49]} 11. Nbd2 {[%emt 0:01:05]} h6 {[%emt 0:01:20]} 12. Nf1 {[%emt 0:01:32]} Bf8 {[%emt 0:00:13]} 13. Ng3 {[%emt 0:00:38]} Na5 {[%emt 0:00:23]} 14. Bc2 {[%emt 0:00:14]} Nc4 {[%emt 0:05:02]} 15. a4 {[%emt 0:00:59]} Nb6 $14 16. b3 {[%emt 0:06:31]} bxa4 {[%emt 0:01:11]} 17. bxa4 {[%emt 0:00:06]} a5 {[%emt 0:00:07]} 18. Bd3 {[%emt 0:00:17]} Qc8 {[%emt 0:34:30]} 19. Ba3 g6 20. dxe5 {[%emt 0:17:13]} dxe5 {[%emt 0:00:52]} 21. Bxf8 {[%emt 0:00:29]} Kxf8 {[%emt 0:01:46]} 22. Bb5 Re6 23. Qc1 {[%emt 0:10:48]} Kg7 {[%emt 0:09:59]} 24. Nd2 Nfd7 {[%emt 0:13:27]} 25. h4 {[%emt 0:11:45]} Ba6 {[%emt 0:04:04]} 26. c4 {[%emt 0:09:06]} Nc5 {[%emt 0:03:52]} 27. Qc3 {[%emt 0:04:42]} Bb7 {[%emt 0:04:51]} 28. Nb3 {[%emt 0:05:42]} Nxb3 {[%emt 0:04:18]} 29. Qxb3 {[%emt 0:00:09]} c6 {[%emt 0:02:49]} 30. c5 {[%emt 0:04:34]} cxb5 {[%emt 0:00:35]} 31. cxb6 {[%emt 0:00:10]} Rxb6 {[%emt 0:00:44]} 32. axb5 {[%emt 0:02:23]} Qc5 {[%emt 0:00:33]} 33. Rab1 {[%emt 0:03:55]} a4 {[%emt 0:00:50]} 34. Qe3 {[%emt 0:02:04]} Qxe3 35. Rxe3 {[%emt 0:00:05]} Bc6 {[%emt 0:01:02]} 36. Rc3 {[%emt 0:04:24]} Rxb5 {[%emt 0:00:30]} 37. Ra1 {[%emt 0:01:09]} Bd7 {[%emt 0:00:30]} 38. Rca3 {[%emt 0:00:25]} Rb4 {[%emt 0:00:29]} 39. f3 {[%emt 0:01:49]} Bb5 {[%emt 0:00:28]} 40. Nf1 {[%emt 0:01:26]} Bxf1 {[%emt 0:00:25]} 41. Kxf1 {[%emt 0:30:06]} f5 {[%emt 0:04:06]} 42. Re3 {[%emt 0:00:00]} fxe4 {[%emt 0:02:33]} 43. Rxe4 {[%emt 0:00:00]} Rxe4 {[%emt 0:00:48]} 44. fxe4 {[%emt 0:00:00]} a3 {[%emt 0:02:50]} 45. Ke2 {[%emt 0:00:00]} a2 {[%emt 0:03:58]} 46. Kd3 {[%emt 0:00:00]} Kf6 {[%emt 0:01:38]} 47. Kc3 {[%emt 0:00:00]} Ra4 {[%emt 0:02:23]} 48. Kd3 {[%emt 0:00:00]} Ke6 {[%emt 0:03:03]} 49. g3 {[%emt 0:00:00]} Kd6 {[%emt 0:02:15]} 50. Kc2 {[%emt 0:00:00]} Rxe4 {[%emt 0:00:34]} 51. Kd3 {[%emt 0:00:00]} Ra4 {[%emt 0:00:14]} 52. Kc3 {[%emt 0:00:00]} Kc5 {[%emt 0:02:29]} 53. Kb3 {[%emt 0:00:00]} Kb5 {[%emt 0:00:20]} 54. Kb2 Kb4 {[%emt 0:01:10]} 55. g4 {[%emt 0:00:00]} e4 {[%emt 0:01:44]} 0-1

[Event "FIDE Zonal 2.5-W 2019"]
[Site "Montevideo"]
[Date "2019.04.14"]
[Round "2.6"]
[White "Meza, Anahi"]
[Black "Silva Rosas, Natalia"]
[Result "1-0"]
[WhiteElo "2073"]
[BlackElo "1809"]
[Annotator "NA"]
[PlyCount "97"]
[EventDate "2019.04.13"]
[EventType "swiss"]
[EventCountry "URU"]
[SourceTitle "playchess.com"]
[Source "ChessBase"]
[SourceQuality "1"]
[TimeControl "40/5400+30:1800+30"]

1. d4 {[%emt 0:00:00]} f5 {[%emt 0:08:10]} 2. g3 {[%emt 0:00:02]} Nf6 {[%emt 0:00:34]} 3. Bg2 {[%emt 0:00:08]} g6 {[%emt 0:00:18]} 4. Nf3 {[%emt 0:00:17]} Bg7 {[%emt 0:00:16]} 5. c4 {[%emt 0:00:32]} d6 {[%emt 0:00:34]} 6. O-O {[%emt 0:00:10]} O-O {[%emt 0:00:17]} 7. Nc3 {[%emt 0:00:08]} Qe8 {[%emt 0:01:11]} 8. b3 {[%emt 0:00:45]} h6 $14 9. Bb2 {[%emt 0:16:29]} g5 {[%emt 0:08:54]} 10. Qd3 {[%emt 0:02:50]} Na6 {[%emt 0:02:48]} 11. a3 c6 {[%emt 0:06:22]} 12. e4 {[%emt 0:11:46]} f4 {[%emt 0:09:37]} 13. gxf4 {[%emt 0:07:19]} gxf4 {[%emt 0:02:01]} 14. e5 {[%emt 0:00:24]} Ng4 {[%emt 0:06:41]} 15. h3 {[%emt 0:06:42]} Nxe5 {[%emt 0:02:53]} 16. dxe5 {[%emt 0:00:14]} Nc5 {[%emt 0:00:15]} 17. Qe2 {[%emt 0:05:47]} Qh5 {[%emt 0:03:58]} 18. Kh2 {[%emt 0:02:06]} dxe5 19. b4 {[%emt 0:14:04]} Nb3 {[%emt 0:11:53]} 20. Rae1 {[%emt 0:04:22]} Bg4 {[%emt 0:02:24]} 21. Ne4 {[%emt 0:08:05]} Rad8 {[%emt 0:00:32]} 22. Rd1 {[%emt 0:02:55]} Nd4 {[%emt 0:06:14]} 23. Bxd4 {[%emt 0:00:21]} exd4 {[%emt 0:00:33]} 24. c5 {[%emt 0:03:31]} Rd5 {[%emt 0:01:47]} 25. Rd3 {[%emt 0:03:29]} Rfd8 {[%emt 0:03:23]} 26. Re1 {[%emt 0:02:55]} Kh8 {[%emt 0:00:54]} 27. Qd2 {[%emt 0:01:43]} Rf8 {[%emt 0:03:18]} 28. Qb2 {[%emt 0:02:49]} Bf5 {[%emt 0:02:09]} 29. Qe2 {[%emt 0:00:25]} Bg4 {[%emt 0:04:31]} 30. Qf1 {[%emt 0:00:16]} Rg8 {[%emt 0:01:26]} 31. Ned2 {[%emt 0:02:59]} Bf6 {[%emt 0:00:43]} 32. Ne4 {[%emt 0:00:52]} Rd7 {[%emt 0:04:52]} 33. Nxf6 {[%emt 0:01:13]} exf6 {[%emt 0:00:02]} 34. Rxd4 {[%emt 0:00:25]} Rxd4 {[%emt 0:02:22]} 35. Nxd4 {[%emt 0:00:01]} f3 {[%emt 0:00:35]} 36. Bh1 {[%emt 0:00:30]} Qg5 {[%emt 0:01:41]} 37. Re4 {[%emt 0:00:46]} Bf5 {[%emt 0:02:37]} 38. Nxf5 {[%emt 0:00:49]} Qxf5 {[%emt 0:00:11]} 39. Rg4 {[%emt 0:00:19]} Qe5+ {[%emt 0:00:47]} 40. Kg1 {[%emt 0:00:30]} Qf5 {[%emt 0:00:30]} 41. Rxg8+ {[%emt 0:30:42]} Kxg8 {[%emt 0:30:04]} 42. Qc4+ {[%emt 0:00:38]} Kf8 {[%emt 0:00:51]} 43. Qg4 {[%emt 0:00:34]} Qb1+ {[%emt 0:01:43]} 44. Kh2 {[%emt 0:00:07]} Qd3 {[%emt 0:00:24]} 45. Qxf3 {[%emt 0:00:20]} Qxf3 {[%emt 0:00:34]} 46. Bxf3 {[%emt 0:00:02]} f5 {[%emt 0:00:07]} 47. Kg3 {[%emt 0:00:20]} Kf7 {[%emt 0:00:05]} 48. Kf4 {[%emt 0:00:34]} Ke6 {[%emt 0:00:07]} 49. h4 {[%emt 0:00:49] Kd5 Ke4+} 1-0

[Event "FIDE Zonal 2.5-W 2019"]
[Site "Montevideo"]
[Date "2019.04.14"]
[Round "2.7"]
[White "Podesta, Sofia"]
[Black "Reyes Jara, Paula"]
[Result "0-1"]
[WhiteElo "1417"]
[BlackElo "1926"]
[Annotator "NA"]
[PlyCount "78"]
[EventDate "2019.04.13"]
[EventType "swiss"]
[EventCountry "URU"]
[SourceTitle "playchess.com"]
[Source "ChessBase"]
[SourceQuality "1"]
[TimeControl "40/5400+30:1800+30"]

1. Nf3 Nf6 {[%emt 0:00:43]} 2. d4 {[%emt 0:08:10]} g6 {[%emt 0:00:10]} 3. Bg5 {[%emt 0:00:15]} Bg7 {[%emt 0:01:46]} 4. e3 {[%emt 0:02:04]} O-O {[%emt 0:07:30]} 5. Be2 {[%emt 0:00:43]} c5 {[%emt 0:00:29]} 6. O-O {[%emt 0:01:05]} cxd4 {[%emt 0:01:23]} 7. exd4 {[%emt 0:03:40]} d5 {[%emt 0:00:49]} 8. Nbd2 {[%emt 0:00:16]} Nc6 {[%emt 0:05:19]} 9. c3 {[%emt 0:01:07]} a6 10. Ne5 {[%emt 0:00:06]} Nxe5 {[%emt 0:01:28]} 11. dxe5 {[%emt 0:02:07]} Nd7 {[%emt 0:04:14]} 12. f4 {[%emt 0:06:05]} f6 {[%emt 0:07:14]} 13. Nf3 {[%emt 0:00:37]} Nc5 {[%emt 0:03:05]} 14. exf6 {[%emt 0:01:53]} Bxf6 {[%emt 0:00:18]} 15. Bxf6 {[%emt 0:00:30]} Rxf6 {[%emt 0:00:30]} 16. c4 {[%emt 0:13:38]} Rxf4 {[%emt 0:13:37]} 17. Qxd5+ {[%emt 0:00:06]} Qxd5 {[%emt 0:02:21]} 18. cxd5 {[%emt 0:03:03]} Bf5 {[%emt 0:04:16]} 19. Ng5 {[%emt 0:01:27]} Rb4 {[%emt 0:00:30]} 20. b3 {[%emt 0:00:30]} h6 {[%emt 0:00:30]} 21. Nf3 {[%emt 0:05:59]} Rd8 {[%emt 0:10:58]} 22. Rad1 {[%emt 0:00:30]} Ne4 {[%emt 0:00:30]} 23. Bc4 {[%emt 0:00:30]} Nd6 {[%emt 0:00:30]} 24. Bd3 {[%emt 0:02:24]} Bxd3 {[%emt 0:09:09]} 25. Rxd3 {[%emt 0:00:10]} Re4 {[%emt 0:00:27]} 26. Re1 {[%emt 0:02:38]} Rxe1+ {[%emt 0:02:54]} 27. Nxe1 {[%emt 0:00:09]} Nb5 {[%emt 0:01:01]} 28. Nc2 {[%emt 0:00:35]} Rc8 {[%emt 0:02:21]} 29. Rd2 {[%emt 0:01:28]} Nc3 {[%emt 0:03:02]} 30. Ne3 {[%emt 0:01:59]} Ne4 {[%emt 0:00:47]} 31. Rd1 {[%emt 0:02:54]} Rc3 {[%emt 0:01:23]} 32. Nc4 {[%emt 0:02:51]} Nf6 {[%emt 0:01:20]} 33. d6 {[%emt 0:00:46]} exd6 {[%emt 0:03:11]} 34. Rxd6 {[%emt 0:04:46]} Rc1+ {[%emt 0:00:11]} 35. Kf2 {[%emt 0:00:18]} Ne4+ {[%emt 0:00:06]} 36. Kf3 {[%emt 0:00:20]} Nxd6 {[%emt 0:00:12]} 37. Nxd6 {[%emt 0:00:06]} b5 {[%emt 0:00:59]} 38. Ne4 {[%emt 0:04:19]} Rc2 {[%emt 0:01:16]} 39. a3 {[%emt 0:00:33]} Ra2 {[%emt 0:01:05]} 0-1

[Event "FIDE Zonal 2.5-W 2019"]
[Site "Montevideo"]
[Date "2019.04.14"]
[Round "3.1"]
[White "Amura, Claudia"]
[Black "Vargas, Gabriela"]
[Result "1/2-1/2"]
[WhiteElo "2260"]
[BlackElo "2130"]
[Annotator "TA"]
[PlyCount "57"]
[EventDate "2019.04.13"]
[EventType "swiss"]
[EventCountry "URU"]
[SourceTitle "playchess.com"]
[Source "ChessBase"]
[SourceQuality "1"]

{[%evp 17,57,38,32,10,27,6,24,17,29,19,20,13,40,38,31,16,8,8,34,34,46,47,45,16,48,30,52,41,54,35,47,0,48,15,17,20,17,0,0,-10,0,0]} 1. c4 e6 2. Nf3 d5 3. b3 Nf6 4. e3 Be7 5. Bb2 c5 6. Be2 O-O 7. O-O Nc6 8. cxd5 exd5 9. d4 b6 10. Nbd2 {A13: English Opening: 1...e6} (10. Nc3 Be6 11. Rc1 Rc8 12. dxc5 bxc5 13. Na4 Nd7 14. Qd2 Nb4 15. Bc3 Nc6 16. Bb2 Nb4 17. Bc3 Nc6 18. Bb2 {½-½ (18) Kuzmicz,K (2468)-Tazbir,M (2552) Szklarska Poreba 2013}) 10... Bf5 11. a3 cxd4 $146 ({Predecessor:} 11... Qc8 12. Re1 a5 13. Nf1 Rd8 14. Ng3 Bg6 15. Ne5 Nxe5 16. dxe5 Ne4 17. f4 Qc6 {0-1 (46) Zielinski,W (2097)-Musialkiewicz,P (1961) Rewal 2011}) 12. Nxd4 {White has an edge.} Nxd4 13. Bxd4 Rc8 14. Ba6 Rc7 15. b4 Ne4 16. Nf3 Bg4 17. h3 Bxf3 18. Qxf3 Bf6 19. Bxf6 Nxf6 20. Qf5 g6 21. Qd3 Re8 22. Rac1 Kg7 23. Rfd1 Ree7 24. g4 h6 25. Kg2 Rxc1 {The position is equal.} 26. Rxc1 Rc7 27. Rd1 Qe7 28. Rd2 Qe5 29. Qd4 {Accuracy: White = 37%, Black = 42%.} 1/2-1/2

[Event "FIDE Zonal 2.5-W 2019"]
[Site "Montevideo"]
[Date "2019.04.14"]
[Round "3.2"]
[White "Sarquis, Maria Belen"]
[Black "Perez Rodriguez, Jennifer"]
[Result "1-0"]
[WhiteElo "2141"]
[BlackElo "2237"]
[Annotator "TA"]
[PlyCount "91"]
[EventDate "2019.04.13"]
[EventType "swiss"]
[EventCountry "URU"]
[SourceTitle "playchess.com"]
[Source "ChessBase"]
[SourceQuality "1"]

{[%evp 12,91,11,12,12,8,10,9,15,10,17,0,9,-12,0,-1,19,23,22,5,25,20,54,34,153,110,102,103,106,114,125,125,133,124,177,167,228,232,260,231,194,66,60,46,956,189,206,203,169,119,168,161,97,68,68,71,179,110,233,195,343,342,334,316,984,976,1110,731,562,565,559,545,670,661,670,670,717,677,2730,2393,29982,4810]} 1. e4 e5 2. Nf3 Nc6 3. Bc4 Bc5 4. c3 Nf6 5. d3 d6 6. O-O O-O 7. Re1 a5 {C54: Giuoco Piano: 4 c3 Nf6, main lines with 5 d4 and 5 d3} 8. Nbd2 Be6 9. Bb5 Ba7 {The position is equal.} 10. h3 Ne7 11. Nf1 c6 12. Ba4 Ng6 13. Ng3 h6 14. d4 b5 $146 15. Bc2 Re8 16. Be3 Qc7 17. Qc1 (17. Qd2 {feels hotter.} Bb6 18. Nf5 d5 19. Nxg7 Kxg7 20. Bxh6+ Kh8 21. Bg5) 17... d5 ({Black should try} 17... b4 $14) 18. Nxe5 Nxe5 19. dxe5 Bxe3 20. Qxe3 Qxe5 21. f4 Qc7 22. e5 $1 {[%cal Re5f6]} Nh7 (22... Ne4 $16) 23. Qd3 $18 Nf8 (23... g6 $142 24. f5 Bxf5 25. Nxf5 gxf5 26. Qxf5 Ng5) 24. Nh5 Qb6+ 25. Kh2 {Hoping for Qg3.} Qf2 26. Re2 ({Better is} 26. f5 $18) 26... Qh4 $14 27. Qf3 $40 {[%mdl 128] Black needs to defend precisely.} f5 $2 {[%mdl 8192] [#]} (27... f6 $14) 28. g3 $2 (28. Nf6+ $1 {[%mdl 512]} gxf6 29. g3 {[%mdl 64] Trapped Piece} fxe5 30. gxh4) 28... Qe7 29. Rg1 Rad8 30. Rd2 c5 31. g4 fxg4 32. Qg3 d4 {And now ...dxc3 would win.} 33. Rf2 Bc8 {[#]} (33... d3 $16 34. Bd1 (34. Bxd3 Rxd3 35. Qxd3 Qh4 $17 {[%mdl 64] Double Attack}) 34... Qd7) 34. Bd1 $1 $18 ({Worse is} 34. hxg4 d3 $11) 34... dxc3 (34... Nh7 $16) 35. bxc3 Bf5 (35... Nh7 $142 36. Bxg4 Bxg4 37. Qxg4 g5) 36. Bxg4 Bg6 {intending ...Rd3.} ({Of course not} 36... Rd3 37. Bxf5 Rxg3 38. Rxg3 $18) 37. f5 Bf7 $2 (37... Qxe5 38. fxg6 Qxg3+ 39. Nxg3 b4) 38. e6 Bxh5 39. Bxh5 {White threatens Bf7+ and mate.} Qf6 40. Bxe8 Rxe8 41. Qe3 b4 42. Qxc5 bxc3 43. Rg3 Nh7 44. Qxc3 Rxe6 45. Qc4 {[%mdl 64] Pin} Nf8 46. Rfg2 {Accuracy: White = 64%, Black = 22%.} (46. fxe6 $142 Qxf2+ 47. Rg2 Qf6 48. e7+ {[%mdl 64] Discovered Attack} Kh7 49. e8=Q Qd6+ 50. Kh1 Qd1+ 51. Kh2) 1-0

[Event "FIDE Zonal 2.5-W 2019"]
[Site "Montevideo"]
[Date "2019.04.14"]
[Round "3.3"]
[White "Brizzi, Milagros Tatiana"]
[Black "Zuriel, Marisa"]
[Result "0-1"]
[WhiteElo "2126"]
[BlackElo "2153"]
[Annotator "TA"]
[PlyCount "100"]
[EventDate "2019.04.13"]
[EventType "swiss"]
[EventCountry "URU"]
[SourceTitle "playchess.com"]
[Source "ChessBase"]
[SourceQuality "1"]

{[%evp 12,100,20,0,35,20,67,61,64,41,64,53,86,72,84,60,110,110,179,111,121,102,124,114,133,126,131,136,145,143,135,137,137,137,163,141,172,171,179,180,174,176,187,157,167,116,243,226,240,132,292,167,156,162,254,144,177,147,245,245,237,-11,-20,-11,-18,-16,-18,-127,-125,-168,-183,-169,-169,-197,-191,-558,-563,-491,-445,-4132,-4133,-2086,-2083,-1434,-1422,-991,-452,-5750,-5710,-29997,-29998]} 1. e4 c5 2. Nf3 d6 3. d4 cxd4 4. Nxd4 Nf6 5. Nc3 a6 6. Be3 e6 7. f3 h5 {B80: Sicilian Scheveningen: 6 g3 and 6 Be3, including English Attack} (7... b5 8. a3 h5 9. Be2 Nbd7 10. O-O Bb7 11. Qe1 Be7 12. a4 b4 13. Na2 a5 14. c3 bxc3 15. Nxc3 O-O {½-½ (31) Saric,I (2692)-Wojtaszek,R (2749) Germany 2019}) 8. a4 b6 9. Bc4 Be7 {White is slightly better.} 10. Qd2 Qc7 11. Bb3 Bd7 $146 ({Predecessor:} 11... Nc6 12. Nxc6 Qxc6 13. a5 b5 14. Na4 Bb7 15. Nb6 {½-½ (30) Dang,T-Chuah,J (2259) Phu Quoc 2007}) 12. Qf2 $36 {[%mdl 2048] White is in control.} Bd8 13. Rd1 g6 14. O-O O-O (14... Nc6 $16) 15. Rd2 (15. h3 $18) 15... Nc6 $16 16. Nxc6 Bxc6 17. Rfd1 Ne8 18. Bh6 Be7 19. Bxf8 Bxf8 20. Qg3 b5 21. axb5 axb5 22. Ne2 Qb6+ 23. Kh1 Qe3 24. Qe1 Qb6 25. Nd4 Bd7 26. f4 {Threatens to win with f5!} Bh6 27. Rf2 {Black must now prevent f5.} Nf6 28. h3 ({White should play} 28. Rf1 $18) 28... Qc5 (28... Qb7 $16) 29. Rf3 Bg7 30. Rfd3 ({Better is} 30. f5 $18) 30... Ne8 $2 {[#]} (30... b4 $16 {might work better.} 31. e5 dxe5) 31. Qg3 (31. f5 $142 $1) 31... Nf6 $18 32. Qf3 e5 (32... Rf8 {was called for.} 33. Rc3 Qa7) 33. fxe5 (33. Ne2 $18) 33... Qxe5 $16 34. Ne2 Ra6 (34... Bc6 $16) 35. Nf4 $1 $18 Qxe4 {[#]} 36. Rxd6 $2 ({Only move:} 36. Qg3 $1 $18) 36... Rxd6 $11 37. Rxd6 Qe1+ $1 38. Kh2 Qe5 $1 {[%csl LRb2,LRd6]} 39. Rd1 (39. Rxd7 $1 $11 {keeps the balance.} Nxd7 40. g3) 39... g5 $17 40. g3 gxf4 41. gxf4 Qf5 ({Don't play} 41... Qxb2 42. Qb7 $15) 42. Rg1 Ne4 43. Rd1 $2 {[#]} (43. c3 {is more resistant.}) 43... Bc6 $1 $19 44. c3 Bh6 45. Rg1+ (45. Rf1 $142 Nd2 {[%mdl 64] Double Attack} 46. Qxc6 Nxf1+ 47. Kg1 Bxf4 48. Qe8+ Kg7 49. Qxf7+ Qxf7 50. Bxf7 Kxf7 51. Kxf1) 45... Kf8 46. Rf1 Nd2 {[%mdl 64] Double Attack, Discovered Attack} 47. Qxc6 Nxf1+ 48. Kg1 Qxf4 (48... Bxf4 $142 49. Qa8+ Kg7 50. Qg2+ Ng3) 49. Qxb5 (49. Qc5+ $142 Kg7 50. Qf2) 49... Nd2 {( -> ...Qg3+)} 50. Bd5 Qg3+ {[%mdl 64] Double Attack. Accuracy: White = 45%, Black = 45%.} 0-1